000 00601nam a2200241Ia 4500
003 OSt
005 20220916111012.0
006 a|||||r|||| 00| 0
007 ta
008 220915b |||||||| |||| 00| 0 eng d
024 _a93919
037 _cTextbook
040 _beng
_aARTS
_cARTS
041 _aeng
082 _aU:672-1911:N0, 122E9.2
100 _aGautier E F
245 0 _aMissions au Sahara
260 _c1919
650 _aGEOGRAPHY
700 _a Chudeau R
942 _hU:672-1911:N0, 122E9.2
_cTB
_2CC
999 _c103017
_d103017